Servei d'Informació Econòmica Municipal : resultats anuals, 1987 resultats anuals, 1987
Descripción Física:
v. ; 29 cm
Otros Autores:
Centre d'Estudis de Planificació
MARC
| LEADER | 00000nam a2200000Ia 4500 | ||
|---|---|---|---|
| 001 | 9521, 9522, 13591, 13592, 13593, 13594, 13595, 13596 | ||
| 008 | 160829s9999 xx 000 0 cat d | ||
| 080 | |a FOL-1-17, FOL-1-18, M-3-437, M-3-438, M-3-439, M-4-1, M-4-2, M-4-3 | ||
| 110 | 1 | |a Barcelona (Catalunya : Província). |b Servei d'Informació Econòmica Municipal |9 52724 | |
| 245 | |a Servei d'Informació Econòmica Municipal : |b resultats anuals, 1987 | ||
| 260 | |a Barcelona : |b Diputació de Barcelona : |b CEP, Centre d'Estudis de Planificació, [1987?] | ||
| 300 | |a v. ; |c 29 cm | ||
| 590 | |a Les dimensions varien | ||
| 650 | 0 | |a Finances municipals |z Barcelona (Província) |9 20808 | |
| 700 | |a Centre d'Estudis de Planificació |9 35043 | ||
| 710 | 1 | |a Barcelona (Catalunya : Província). |b Diputació |9 52408 | |
| 866 | |a Grup 1, 2, 3 (I i II), 4 (I i II), 5 (I i II) | ||
| 901 | |a Arxiu | ||
| 942 | |n 1 | ||
| 952 | |0 0 |1 0 |4 0 |6 FOL117_FOL118_M3437_M3438_M3439_M41_M42_M43 |7 1 |9 46621 |a Arxiu |b Arxiu |d 2016-12-01 |l 0 |o FOL-1-17, FOL-1-18, M-3-437, M-3-438, M-3-439, M-4-1, M-4-2, M-4-3 |p 9521, 9522, 13591, 1 |r 2016-12-01 00:00:00 |w 2016-12-01 |y ARXIU | ||
| 999 | |c 50414 |d 50414 | ||